গৌড়ের ইতিহাস: (Record no. 28286)

MARC details
000 -LEADER
fixed length control field 00955nam a22002057a 4500
003 - CONTROL NUMBER IDENTIFIER
control field BDDh-ASL
005 - DATE AND TIME OF LATEST TRANSACTION
control field 20231015030907.0
008 - FIXED-LENGTH DATA ELEMENTS--GENERAL INFORMATION
fixed length control field 211202s20212019bg ||||| |||| 00| 0 b d
040 ## - CATALOGING SOURCE
Transcribing agency BDDh-ASL
082 ## - DEWEY DECIMAL CLASSIFICATION NUMBER
Classification number 954
Item number CHG
100 1# - MAIN ENTRY--PERSONAL NAME
9 (RLIN) 6051
Personal name চক্রবত্র্তী, শ্রীরজনীকান্ত
245 00 - TITLE STATEMENT
Title গৌড়ের ইতিহাস:
Remainder of title হিন্দুরাজত্ব ও মুসলমান-রাজত্ব। অখণ্ড /
Statement of responsibility, etc. মাহবুব সিদ্দিকী (সংগ্রহ, সংকলন ও সম্পা.)।
246 ## - VARYING FORM OF TITLE
Title proper/short title Gourer Etihas
260 ## - PUBLICATION, DISTRIBUTION, ETC.
Place of publication, distribution, etc. ঢাকা:
Name of publisher, distributor, etc. দিব্য প্রকাশ,
Date of publication, distribution, etc. ২০২১।
300 ## - PHYSICAL DESCRIPTION
Extent ৫০২ পৃষ্ঠা, :
Dimensions ২২ সে. মি.
650 #0 - SUBJECT ADDED ENTRY--TOPICAL TERM
9 (RLIN) 4586
Topical term or geographic name entry element History (ইতিহাস)
651 #0 - SUBJECT ADDED ENTRY--GEOGRAPHIC NAME
9 (RLIN) 6052
Geographic name গৌড়, ভারত
700 1# - ADDED ENTRY--PERSONAL NAME
9 (RLIN) 5234
Personal name সিদ্দিকী, মাহবুব
942 ## - ADDED ENTRY ELEMENTS (KOHA)
Source of classification or shelving scheme Dewey Decimal Classification
Koha item type Books
Holdings
Withdrawn status Lost status Source of classification or shelving scheme Damaged status Not for loan Collection code Home library Current library Shelving location Date acquired Source of acquisition Total Checkouts Full call number Barcode Date last seen Copy number Price effective from Koha item type
    Dewey Decimal Classification     Non-fiction Asiatic Society Library Asiatic Society Library General Stacks 12/02/2021 ASB Library Collection   954 CHG 115916 12/02/2021 C-1 12/02/2021 Books

Powered by Koha